000 00259nam a2200097Ia 4500
001 1208295
005 20250827022843.0
008 250824s9999 xx 000 0 und d
245 0 _aGÜLÜNÇ HAKİKATLER
_cOSMAN YÜKSELSERDENGEÇTİ
260 _bTEDEV YAYINLARI
999 _c1208295
_d1208295